000 00337nam a2200133Ia 4500
008 240624s9999 xx 000 0 und d
041 _aeng
082 _a658.8 AND
100 _aANDREASEN ALAN R
245 _aSOCIAL MARKETING IN THE 21ST CENTURY
260 _c2006
_aNew Delhi
_bSage Publications
300 _a280 : p.
365 _c
_b31
999 _c20304
_d20304